Responses for show #8448 - Wednesday, July 21, 2021

Champion's winnings & consolation amounts matched to Be The Match.

Contestants

Matt Amodio, a Ph.D. student from New Haven, Connecticut

Elizabeth Devereaux, a middle school teacher from Lawrence, Kansas

Josh Saak, a traffic engineer from Boise, Idaho (whose 3-day cash winnings total $66,405)

Jeopardy! Round responses

MED SCHOOL
SING "OUT"
EXODUS TELLS US...
2 LETTERS, 3 LETTERS
(Robin: Each response will have that form such as, "on end".)
15 MINUTES OR LESS
WE GUARANTEE IT
    $200 18
the Hippocratic Oath

Elizabeth
    $200 15
(Matt: What's... "Chew Me Out"?)
(Elizabeth: What's "Thinking Of You"?)

"Thinking Out Loud"

ElizabethMatt
Triple Stumper
    $200 28
(Elizabeth: What's clay?)
(Josh: What is slavery?)

brick

JoshElizabeth
Triple Stumper
    $200 23
on ice

Elizabeth
    $200 29
60 seconds

Matt
    $200 30
(Josh: What is victory?)
(Matt: What's victory in Vietnam?)

the Moon

JoshMatt
Triple Stumper
    $400 1
the MCAT

Elizabeth
    $400 5
call out

Triple Stumper
    $400 27
(Matt: What's... the Nile?)

the Red Sea

ElizabethMatt
    $400 6
to bed

Josh
    $400 2
a sheep shearer

Josh
    $400 7
a chicken

Elizabeth
    $600 16
(Matt: What's internships?)

rotations

ElizabethMatt
    $600 10
"Take Me Out"

Matt
    $600 26
Aaron

Matt
    $600 3
Oh, boy!

Matt
    $600 25
run a mile

Matt
    $600 8
Goldwater

Matt
    $800 4
a white coat ceremony

Josh
    $800 9
"Locked Out Of Heaven"

Elizabeth
    $1,800 11
(Robin: Second of the Ten Plagues.)

frogs

Matt
    $800 12
oy vey

Matt
    $800 13
5 minutes

Elizabeth
    $800 24
the Free-Soil Party

Josh
    $1000 22
osteopathic doctors

Josh
    $1000 17
"We Can Work It Out"

Josh
    $1000 20
false witness

Matt
    $1000 19
(Robin: Yes, "two if [*]".)

by sea

Matt
    $1000 14
a half-life

Josh
    $1000 21
Bryan

Matt

Scores at the first commercial break (after clue 15):

Josh Elizabeth Matt
$2,600 $2,200 $4,200

Scores at the end of the Jeopardy! Round:

Josh Elizabeth Matt
$5,000 $3,400 $7,400

Double Jeopardy! Round responses

EUROPEAN PENINSULAS
BIRDING
MATH IN THE OLD DAYS
THEY'VE GOT AN EGOT
BOOKS OF 1990
YOU "PIC" IT
    $400 11
the Iberian Peninsula

Josh
    $400 28
binoculars

Josh
    $400 12
zero

Elizabeth
    $400 29
(Josh: Who is Sondheim?)
[The end-of-round signal sounds.]

Andrew Lloyd Webber

Josh
Triple Stumper
    $400 19
Vendetta

Elizabeth
    $800 5
the Crimean Peninsula

Josh
    $800 3
(Robin: Well, you could look at me when you say that.)
[Laughter]
(Robin: I mean, "Rockin' Robin", thank you, Josh.)
[Laughter]

a robin

Josh
    $800 4
2

Josh
    $800 7
"Let It Go"

Elizabeth
    $800 9
The Bourne Ultimatum

Josh
    $800 10
Pickleball

Josh
    $3,400 1
Brittany

Elizabeth
    $1200 27
a California condor

Josh
    $6,000 6
an abacus

Josh
    $1200 8
Mel Brooks

Josh
    $1200 18
Nabisco

Elizabeth
    $1200 22
aspic

Elizabeth
    $1600 2
Cyprus

Josh
    $1600 26
a field guide

Elizabeth
    $1600 13
the knuckles

Triple Stumper
    $1600 20
(Josh: Who's Leigh?)

(Hattie) McDaniel

JoshMatt
    $1600 17
Circle of Friends

Matt
    $1600 23
canopic

Matt
    $2000 15
Jutland

Matt
    $2000 25
(Robin: We have under a minute to go.)

a life list

Triple Stumper
    $2000 14
Horus

Matt
    $2000 21
Belafonte

Josh
    $2000 16
Scarpetta

Matt
    $2000 24
(Robin: You know that! Yes!)

picayune

Matt

Scores at the end of the Double Jeopardy! Round:

Josh Elizabeth Matt
$19,800 $12,400 $20,200

[wagering suggestions for these scores]

Final Jeopardy! Round responses

AFRICAN MONARCHS
(Robin: [*]--he traced his lineage to Menelik, called the son of King Solomon and the Queen of Sheba.)
ElizabethWhat is Emperor?
$12,130
JoshWho is Haile Selasie?
$5,005
MattWho is Selassie?
$20,200
Haile Selassie

Final scores:

Josh Elizabeth Matt
$24,805 $270 $40,400
2nd place: $2,000 3rd place: $1,000 New champion: $40,400

Game dynamics:

Coryat scores:

Josh Elizabeth Matt
$15,000 $10,200 $19,200
19 R
(including 1 DD),
4 W
15 R
(including 1 DD),
2 W
18 R
(including 1 DD),
4 W

Combined Coryat: $44,400

The J! Archive is created by fans, for fans. The Jeopardy! game show and all elements thereof, including but not limited to copyright and trademark thereto, are the property of Jeopardy Productions, Inc. and are protected under law. This website is not affiliated with, sponsored by, or operated by Jeopardy Productions, Inc. Join the discussion at JBoard.tv.